Online
Catalog
Normal view MARC view

Entry Nombre personal

Number of records used in: 7

001 - NÚMERO DE CONTROL

  • campo de control: 78157

003 - IDENTIFICADOR DEL NÚMERO DE CONTROL

  • campo de control: BNPHU

005 - FECHA Y HORA DE LA ÚLTIMA TRANSACCIÓN

  • campo de control: 20240305133317.0

008 - DATOS DE LONGITUD FIJA

  • campo de control de longitud fija: 210317|| aca||aabn | a|a d

010 ## - NÚMERO DE CONTROL DE LA BIBLIOTECA DEL CONGRESO

  • Número de control de LC: no2021129632

040 ## - FUENTE DE LA CATALOGACIÓN

  • Centro catalogador/agencia de origen: DO-SdBNP
  • Lengua de catalogación: spa
  • Centro/agencia transcriptor: BNPHU
  • Normas de descripción: rda

100 1# - ENCABEZAMIENTO-NOMBRE DE PERSONA

  • Nombre de persona: Castor Paniagua, Luesmil,
  • Fechas asociadas al nombre: 1961-

370 ## - LUGAR ASOCIADO

  • Lugar de nacimiento: Santo Domingo (República Dominicana)
  • País asociado: República Dominicana

373 ## - GRUPO ASOCIADO

  • Grupo asociado: Universidad Autónoma de Santo Domingo. Escuela de Comunicación Social

375 ## - GÉNERO/SEXO

  • Género/Sexo: Masculino

377 ## - LENGUA/LENGUAJE ASOCIADO

  • Código del idioma: spa

400 1# - TRAZADO DE VÉASE--NOMBRE DE PERSONA

  • Nombre de persona: Paniagua, Luesmil Castor,
  • Fechas asociadas al nombre: 1961-

670 ## - FUENTE DE DATOS ENCONTRADOS

  • Cita de la fuente: Work cat.: (OSt): Castor Paniagua, Luesmil, El ojo del hechizo /, 2020

670 ## - FUENTE DE DATOS ENCONTRADOS

  • Cita de la fuente: Castor Paniagua, Luesmil. Mamá Tingó ; en temblor de agua

Powered by Koha